000
00271nam a22001217a 4500
008
170314b xxu||||| |||| 00| 0 eng d
041
_a
eng
080
_a
591
100
_a
7
101
_a
SHM
245
_a
THE COMMON INSECTS OF NORTH AMERICA
_c
SWAN, L.A
942
_2
udc
_c
BK
999
_c
7764
_d
7764